| 000 | 00675nam a2200193Ia 4500 | ||
|---|---|---|---|
| 003 | GCL | ||
| 008 | 140319s9999 xx 000 0 ara d | ||
| 040 |
_aGCL / _cGCL |
||
| 082 | 0 | 4 |
_a362.78 _bى د |
| 100 | 1 | _aيوسف هاشم امام | |
| 245 | 1 | 0 |
_aدليل هيئات رعاية وتأهيل المعوقين بجمهورية مصر العربية / _cيوسف هاشم امام |
| 700 | 1 | _aعلى عبده محمود (مراجعة) | |
| 300 | _a205 ص | ||
| 490 |
_aالهيئة العامة للاستعلامات _v0 |
||
| 650 | 0 | 4 | _aالادلة |
| 650 | 0 | 4 | _aالمعوقون - رعاية وعلاج |
| 650 | 0 | 4 | _aالمعوقون - ادلة |
| 942 |
_2ddc _cBK |
||
| 999 |
_c48700 _d48700 |
||